000 00789nam a2200265Ia 4500
003 OSt
005 20220918212235.0
006 a|||||r|||| 00| 0
007 ta
008 220917b |||||||| |||| 00| 0 eng d
024 _a127,938
037 _cTextual
040 _aARTS
_cARTS
_beng
041 _2eng
_aeng
082 _aX.58.N5<-N1, M5
100 _aWheatcroft S G Ed
_9123063
245 0 _aMaterials for a balance of the Soviet national economy 1928-1930
260 _aCambridge
_bCambridge University Press
_c1985
300 _axxiv, 467p.
_ccm.
490 _aSoviet and east European studies
650 _aECONOMICS
700 _a Davies R W
_9111769
942 _hX.58.N5<-N1, M5
_cTEXL
_2CC
999 _c251080
_d251080